000 00288nam a2200097Ia 4500
001 1102207
005 20250827003317.0
008 250824s9999 xx 000 0 und d
245 0 _aOSMANLIDA TAHT KAVGALARI VE HANEDAN İÇİ KIYIMLAR
_cAHMET HALDUN TERZİOĞLU
260 _bPANAMA YAYINLARI
999 _c1102207
_d1102207